|
|
|
|
| LEADER |
00000cam a2200000 7i4500 |
| 001 |
0000001256 |
| 005 |
20140330.0 |
| 020 |
0 |
0 |
|a 9251013284
|
| 090 |
0 |
0 |
|a FAO662.74
|b SIM 1983
|
| 245 |
0 |
0 |
|a SIMPLE technologies for charcoal making
|
| 260 |
0 |
0 |
|a Rome :
|b Food and Agriculture Organization of the United Nations ,
|c 1983
|
| 300 |
|
|
|a vi, 154 p. :
|b ill. ;
|c 30 cm.
|
| 440 |
0 |
0 |
|a FAO forestry paper ; v 41
|
| 500 |
0 |
0 |
|a Bibliography : [p. 153-154]
|
| 650 |
0 |
0 |
|a Charcoal
|
| 650 |
0 |
0 |
|a Charcoal burners
|
| 710 |
1 |
1 |
|a Food and Agriculture Organization of the United Nations (FAO)
|
| 998 |
|
|
|a JPSM
|
| 999 |
|
|
|a 0000002157
|b Monograph
|c Food and Agriculture Organization
|e Default branch
|